000 00844nam a2200241Ia 4500
003 OSt
005 20220923214352.0
006 a|||||r|||| 00| 0
007 ta
008 220922b |||||||| |||| 00| 0 hin d
024 _a169,217
037 _cTextual
040 _aARTS
_cARTS
_bhin
041 _2hin
_ahin
082 _aO152,1I89:g, J6
100 _aभारतीय, जितेन्द्र; भट्ट, रत्नेश
_9163337
245 0 _aकवि सेनापति (काव्य समीक्षा)
246 _aKavi senāpati (kāvya samīkṣhā)
260 _c1956
650 _aहिन्दी साहित्य
_9156264
942 _hO152,1I89:g, J6
_cTEXL
_2CC
999 _c323673
_d323673